MARC

LEADER 00000naa a2200000 a 4500
003 Arxiu
005 20260324181041.0
008 160829s1953 spc xx s spa c
040 |a spa 
245 0 0 |a VIII Sesión Internacional de la Sociedad de Història del Derecho Antiguo :  |b excursión a Montserrat 
246 3 3 |a Séptima Sesión Internacional de la Sociedad de Història del Derecho Antiguo 
490 |a San Jorge,   |v núm. 12 (octubre 1953), pàg 124 
611 0 |9 54828  |a Sesión Internacional de la Sociedad de Història del Derecho Antiguo  |n (8a :  |d 1953 :  |c Barcelona, Catalunya) 
651 0 |a Montserrat (Catalunya : Massís)  |9 51021 
773 |g Núm. 12 (octubre 1953), pàg 124  |t San Jorge. 
901 |a Arxiu 
942 |n 1  |2 udc  |c ART 
952 |0 0  |1 0  |4 0  |6 REV508  |7 1  |9 64538  |a Arxiu  |b Arxiu  |d 2022-12-01  |o Rev-508  |r 2022-12-01 00:00:00  |w 2022-12-01  |y ARXIU  |z També disponible a Rev-522 
999 |c 49011  |d 49011